Experimental determination of times, amplitudes, and lengths of cycles of water droplet deformation in air; Technical Physics Letters; Vol. 41, iss. 2
| Parent link: | Technical Physics Letters: Scientific Journal.— , 1975- Vol. 41, iss. 2.— 2015.— [P. 128-131] |
|---|---|
| Ente Autore: | |
| Altri autori: | , , , |
| Riassunto: | Title screen The regularities of deformation of water droplets moving in air at the moderate Weber numbers (We < 7) are experimentally investigated with the use of high-speed cross-correlation recording equipment at frame delays of less than 100 ns. Deformation cycles with characteristic times, amplitude, lengths, and droplet forms are established. The effect of the droplet velocity on the main characteristics of the deformation cycles is determined. Режим доступа: по договору с организацией-держателем ресурса |
| Lingua: | inglese |
| Pubblicazione: |
2015
|
| Soggetti: | |
| Accesso online: | http://dx.doi.org/10.1134/S1063785015020145 |
| Natura: | MixedMaterials Elettronico Capitolo di libro |
| KOHA link: | https://koha.lib.tpu.ru/cgi-bin/koha/opac-detail.pl?biblionumber=649410 |
MARC
| LEADER | 00000naa0a2200000 4500 | ||
|---|---|---|---|
| 001 | 649410 | ||
| 005 | 20250305105106.0 | ||
| 035 | |a (RuTPU)RU\TPU\network\14572 | ||
| 035 | |a RU\TPU\network\14571 | ||
| 090 | |a 649410 | ||
| 100 | |a 20160711d2015 k||y0rusy50 ba | ||
| 101 | 0 | |a eng | |
| 135 | |a drcn ---uucaa | ||
| 181 | 0 | |a i | |
| 182 | 0 | |a b | |
| 200 | 1 | |a Experimental determination of times, amplitudes, and lengths of cycles of water droplet deformation in air |f R. S. Volkov [et al.] | |
| 203 | |a Text |c electronic | ||
| 300 | |a Title screen | ||
| 320 | |a [References: p. 131 (9 tit.)] | ||
| 330 | |a The regularities of deformation of water droplets moving in air at the moderate Weber numbers (We < 7) are experimentally investigated with the use of high-speed cross-correlation recording equipment at frame delays of less than 100 ns. Deformation cycles with characteristic times, amplitude, lengths, and droplet forms are established. The effect of the droplet velocity on the main characteristics of the deformation cycles is determined. | ||
| 333 | |a Режим доступа: по договору с организацией-держателем ресурса | ||
| 461 | |t Technical Physics Letters |o Scientific Journal |d 1975- | ||
| 463 | |t Vol. 41, iss. 2 |v [P. 128-131] |d 2015 | ||
| 610 | 1 | |a электронный ресурс | |
| 610 | 1 | |a труды учёных ТПУ | |
| 610 | 1 | |a эксперименты | |
| 610 | 1 | |a числа Вебера | |
| 610 | 1 | |a капли | |
| 610 | 1 | |a вода | |
| 610 | 1 | |a воздух | |
| 610 | 1 | |a деформация | |
| 701 | 1 | |a Volkov |b R. S. |c specialist in the field of power engineering |c Associate Professor of the Tomsk Polytechnic University, candidate of technical Sciences |f 1987- |g Roman Sergeevich |3 (RuTPU)RU\TPU\pers\33926 |9 17499 | |
| 701 | 1 | |a Vysokomornaya |b O. V. |c physicist |c Associate Professor of Tomsk Polytechnic University, Candidate of Physical and Mathematical Sciences |f 1984- |g Olga Valeryevna |3 (RuTPU)RU\TPU\pers\33928 |9 17501 | |
| 701 | 1 | |a Kuznetsov |b G. V. |c Specialist in the field of heat power energy |c Professor of Tomsk Polytechnic University, Doctor of Physical and Mathematical Sciences |f 1949- |g Geny Vladimirovich |3 (RuTPU)RU\TPU\pers\31891 |9 15963 | |
| 701 | 1 | |a Strizhak |b P. A. |c Specialist in the field of heat power energy |c Doctor of Physical and Mathematical Sciences (DSc), Professor of Tomsk Polytechnic University (TPU) |f 1985- |g Pavel Alexandrovich |3 (RuTPU)RU\TPU\pers\30871 |9 15117 | |
| 712 | 0 | 2 | |a Национальный исследовательский Томский политехнический университет |b Энергетический институт |b Кафедра теоретической и промышленной теплотехники |3 (RuTPU)RU\TPU\col\18679 |9 27132 |
| 801 | 2 | |a RU |b 63413507 |c 20200827 |g RCR | |
| 856 | 4 | |u http://dx.doi.org/10.1134/S1063785015020145 | |
| 942 | |c CF | ||